[Event "ISR-ch U08/18"]
[Site "Savyon"]
[Date "2022.04.12"]
[Round "7"]
[White "Levi, Or"]
[Black "Levin, Guy"]
[Result "0-1"]
[WhiteElo "1862"]
[BlackElo "2340"]
[PlyCount "124"]
[EventDate "2022.04.06"]
[EventType "swiss"]
[EventRounds "9"]
[EventCountry "ISR"]
[SourceTitle "EXT 2023"]
[Source "ChessBase"]
[SourceDate "2022.10.05"]
[SourceVersion "1"]
[SourceVersionDate "2022.10.05"]
[SourceQuality "1"]

1. e4 c5 2. Nf3 Nc6 3. Bb5 e5 4. 0-0 Bd6 5. c3 a6 6. Bxc6 dxc6 7. d4 exd4 8. cxd4 Bg4 9. dxc5 Bxc5 10. Qc2 Qe7 11. Bg5 f6 12. Be3 Bxe3 13. fxe3 Nh6 14. Nc3 0-0 15. Rad1 Nf7 16. h3 Be6 17. Nd4 Rad8 18. a3 Rfe8 19. Rfe1 Bc8 20. Nf3 Ne5 21. Nxe5 Qxe5 22. Rxd8 Rxd8 23. Rd1 Re8 24. Qb3+ Qe6 25. Qb6 h5 26. Qc5 Qf7 27. Qd6 Kh7 28. Kh2 Qg6 29. Qc7 Qg5 30. Rd8 Rxd8 31. Qxd8 Qe5+ 32. Kg1 Be6 33. Qd2 h4 34. Qf2 g5 35. Qe2 Kg7 36. Qd2 Qc7 37. Ne2 c5 38. Nc3 Qg3 39. Ne2 Qe5 40. Nc3 Kf7 41. Qd8 b5 42. Kh1 g4 43. hxg4 h3 44. gxh3 b4 45. axb4 cxb4 46. Nd1 Qxe4+ 47. Kh2 Qe5+ 48. Kg2 Bd5+ 49. Kf1 Qe4 50. Qd7+ Kg6 51. Qf5+ Qxf5+ 52. gxf5+ Kxf5 53. Ke2 Kg5 54. Kd3 Kh4 55. e4 Bb3 56. Nf2 Be6 57. Kd4 a5 58. Kc5 Kg3 59. Nd3 Bxh3 60. e5 f5 61. Nf4 Kxf4 62. e6 Bg4 0-1